Accounting education in economic development management
Furkejuvvon:
| Váldodahkki: | |
|---|---|
| Materiálatiipa: | Girji |
| Giella: | eaŋgalasgiella |
| Almmustuhtton: |
Amsterdam
North-Holland Publishing
1981
|
| Fáttát: | |
| Fáddágilkorat: |
Lasit fáddágilkoriid
Eai fáddágilkorat, Lasit vuosttaš fáddágilkora!
|
MARC
| LEADER | 00000nam a2200000 a 4500 | ||
|---|---|---|---|
| 001 | UCW2769 | ||
| 003 | CL-VaPUC | ||
| 008 | 900109e19810000NE |||||||||||||||||eng|d | ||
| 082 | 0 | 4 | |a 657.4 |b ENT |2 21 |
| 100 | 0 | |a Enthoven, Adolf J. H |e author |9 307050 | |
| 245 | 1 | 0 | |a Accounting education in economic development management |
| 300 | |a 448 p | ||
| 942 | |c BK | ||
| 945 | |d 19900109 00:00:00 | ||
| 260 | |a Amsterdam |b North-Holland Publishing |c 1981 | ||
| 650 | 7 | |a ENSEÑANZA COMERCIAL |2 CL-VaPUC |9 307051 | |
| 650 | 0 | |a Contabilidad |9 261430 | |
| 650 | 0 | |a Educación técnica |9 307052 | |
| 583 | |a last modification |c 20170905 01:43:02 |k Rodrigo Vera | ||
| 999 | |c 217219 |d 217217 | ||
| 952 | |0 0 |1 0 |4 0 |6 657_400000000000000_ENT_1981 |7 0 |8 P |9 204203 |a BIBGIM |b BIBGIM |d 2019-11-15 |i 271440K |o 657.4 ENT 1981 |p 271440K |r 2025-01-15 |w 2019-11-15 |y BK |k COM | ||